Statistics for Atomic Symbols In Alphabetical Order

Click here to take the quiz!

General Stats

  • This quiz has been taken 38 times
  • The average score is 19 of 20

Answer Stats

Atomic Symbol% Correct
B
100%
Br
100%
C
100%
Ag
97%
Al
97%
Am
97%
Ar
97%
As
97%
Au
97%
Ba
97%
Be
97%
Ca
97%
Ac
93%
At
93%
Bi
93%
Ce
93%
Bk
90%
Cd
90%
Cf
90%
Bh
86%

Score Distribution

Percentile by Number Answered

Percent of People with Each Score

Your Score History

You have not taken this quiz